000 00597nam a2200169Ia 4500
008 230718s9999 xx 000 0 und d
020 _a9789350232071
041 _aeng
082 _a004.36
_bCHA
100 _aChandrasekaran S.
_9176010
245 _aApplication Development For IBM Websphere Process Server 7 And Enterprise Service Bus 7
_bBuild SOA-Based Flexible Economical And Efficient Applications
260 _c2011
_bPackt Pub.
300 _a524
365 _cRs.
_b550.00
700 _aChandrasekaran S. & Ahuja S.
_9191879
906 _dO:0161711-Mar-2011B:725021-Feb-2011
_cCOMP
_b137.5
999 _c327447
_d327447